Responses for show #3413 - Wednesday, June 9, 1999

Contestants

Kama Siegel, a recent law school graduate from Portland, Oregon

Ryan Thiel, a sign language interpreter from Minneapolis, Minnesota

Sherry Rhodes, a full-time mom from Pinckney, Michigan (whose 1-day cash winnings total $10,000)

Jeopardy! Round responses

AMERICAN HISTORY
NAME THE MOVIE
WHAT'S THE MATTER...YELLOW??
TRAVEL & TOURISM
PARTY TIME!
"SEA" YA
    $100 1
Texas

Ryan
    $100 16
Frankenstein

Kama
    $100 26
Yellowstone

Ryan
    $100 6
Stonehenge

Ryan
    $100 12
London

Ryan
    $100 7
Chelsea Clinton

Ryan
    $200 2
Cody

Ryan
    $200 22
The Wizard of Oz

Ryan
    $200 27
Bat

Ryan
    $200 9
Ottawa

Ryan
    $200 13
Balloons

Ryan
    $200 8
Seagram's

Kama
    $300 3
Statuary Hall

Triple Stumper
    $300 23
(Alex: Less than a minute to go.)

In the Heat of the Night

Triple Stumper
    $700 30
Cuckoo

Kama
    $300 10
(R: What is Peru?)
(K: What is Mexico?)

Guatemala

RyanKama
Triple Stumper
    $300 19
(R: What is "Sleepover?")

Pajama Party

Ryan
Triple Stumper
    $300 11
Seattle

Kama
    $400 4
Patrick Henry

Sherry
    $400 24
Planet of the Apes

Ryan
    $400 29
Daffodil

Kama
    $400 17
Rotterdam

Sherry
    $400 20
S'il vous plait

Ryan
    $400 14
Seahorse

Ryan
    $500 5
(S: What is 1912?)

1959

Sherry
Triple Stumper
    $500 25
The Graduate

Sherry
    $500 28
Baboons

Ryan
    $500 18
Obelisk

Triple Stumper
    $500 21
Shivaree

Ryan
    $500 15
(R: What is "Sea Cruise?")

"Beyond the Sea"

Ryan
Triple Stumper

Scores at the first commercial break (after clue 15):

Sherry Ryan Kama
-$100 $600 $200

Scores at the end of the Jeopardy! Round:

Sherry Ryan Kama
$800 $2,600 $1,400

Double Jeopardy! Round responses

ISLAND COUNTRIES
PUT 'EM IN ORDER
FRENCH SOLDIERS
TRIVIAL STEW
LEGENDS OF SPORTS
CELEBRITY SECRET LIVES RHYME TIME
    $200 1
Cuba

Ryan
    $200 16
"Satisfaction", "Jumpin' Jack Flash", "Start Me Up"

Sherry
    $200 19
Bonaparte

Sherry
    $200 7
Tug of war

Ryan
    $200 2
Joe Montana

Kama
    $400 3
Iceland

Ryan
    $400 17
Cheops, Tutankhamen, Cleopatra

Sherry
    $400 12
(R: What is "I'm Going to Disney World!?")

"I'm Going to Disneyland!"

RyanKama
    $400 8
(K: Who is Gordie Howe?)

Wayne Gretzky

RyanKama
    $600 4
Cyprus

Sherry
    $600 18
Australopithecus, Neanderthal, Cro-Magnon

Ryan
    $600 13
(K: Who is Virginia Woolf?)

"(My Darling) Clementine"

SherryKama
    $600 9
Rocky Marciano

Sherry
    $600 22
(R: What is Bill's drill?)

Bill's drills

Ryan
Triple Stumper
    $600 5
(S: What is Australia?)

New Zealand

Sherry
    $800 20
Ragtime, swing, bebop

Sherry
    $800 25
Agincourt

Ryan
    $800 14
Nevada

Ryan
    $800 10
Babe Didrikson Zaharias

Kama
    $800 23
Pauling's maulings

Sherry
    $1000 6
(R: What is Haiti?)

Dominican Republic

RyanKama
    $1000 21
(Alex: The wars got shorter & so is our time; we have less than a minute to go...)

The Hundred Years' War, The Thirty Years' War, The Seven Years' War

Ryan
    $1000 24
Jean Martinet

Triple Stumper
    $1000 15
In bad faith

Sherry
    $1000 11
Ty Cobb

Ryan
    $1000 26
(buzzer sounds)

Niels' heels

Sherry

Scores at the end of the Double Jeopardy! Round:

Sherry Ryan Kama
$6,400 $6,800 $2,800

[wagering suggestions for these scores]

Final Jeopardy! Round responses

TELEVISION
KamaWhat is Real
$2,799
SherryWhat is Unsolved Mysteries?
$799
RyanWhat is America's Most Wanted
$6,001
America's Most Wanted (hosted by John Walsh)

Final scores:

Sherry Ryan Kama
$5,601 $12,801 $1
2nd place: Trip to Outrigger Hotel, Waikiki Beach, Hawaii New champion: $12,801 3rd place: Olympus Centurion S Zoom Lens Camera

Game dynamics:

Coryat scores:

Sherry Ryan Kama
$7,000 $6,800 $2,400
13 R,
2 W
(including 1 DD)
25 R,
5 W
9 R
(including 1 DD),
3 W

Combined Coryat: $16,200

The J! Archive is created by fans, for fans. The Jeopardy! game show and all elements thereof, including but not limited to copyright and trademark thereto, are the property of Jeopardy Productions, Inc. and are protected under law. This website is not affiliated with, sponsored by, or operated by Jeopardy Productions, Inc. Join the discussion at JBoard.tv.